EBay for Canadians for dummies (Record no. 155515)

MARC details
000 -LEADER
fixed length control field 00597nam a2200205Ia 4500
008 - FIXED-LENGTH DATA ELEMENTS--GENERAL INFORMATION
fixed length control field 191130s2008##################000#0#eng##
020 ## - INTERNATIONAL STANDARD BOOK NUMBER
ISBN 9780470153482
082 ## - DEWEY DECIMAL CLASSIFICATION NUMBER
Classification number 381.177 COL
100 ## - MAIN ENTRY--AUTHOR NAME
Personal name Collier, Marsha
245 ## - TITLE STATEMENT
Title EBay for Canadians for dummies
Statement of responsibility, etc Marsha Collier, Bill Summers
260 ## - PUBLICATION, DISTRIBUTION, ETC. (IMPRINT)
Place of publication Mississauga, Ont
Name of publisher J. Wiley & Sons Canada
Year of publication ©2008
300 ## - PHYSICAL DESCRIPTION
Number of Pages xx, 396 p. : ill. ; 24 cm
500 ## - GENERAL NOTE
General note Includes Index
650 ## - SUBJECT ADDED ENTRY--TOPICAL TERM
Topical Term eBay (Firm)
Topical Term Internet auctions
991 ## -
-- 341159
Holdings
Withdrawn status Lost status Damaged status Not for loan Home library Current library Shelving location Date acquired Full call number Accession Number Price effective from Koha item type
        Anna Centenary Library Anna Centenary Library 4TH FLOOR, B WING 12.10.2020 381.177 COL 135460 12.10.2020 English Books

Find us on the map